LEADER 03170nam 2200673Ia 450 001 9910451720203321 005 20210527012604.0 010 $a1-282-44573-1 010 $a9786612445736 010 $a0-520-93334-6 010 $a1-4356-0197-1 024 7 $a10.1525/9780520933347 035 $a(CKB)1000000000478634 035 $a(EBL)314086 035 $a(OCoLC)173816790 035 $a(SSID)ssj0000103224 035 $a(PQKBManifestationID)11132820 035 $a(PQKBTitleCode)TC0000103224 035 $a(PQKBWorkID)10062049 035 $a(PQKB)11616122 035 $a(MiAaPQ)EBC314086 035 $a(MdBmJHUP)muse30644 035 $a(DE-B1597)520086 035 $a(DE-B1597)9780520933347 035 $a(Au-PeEL)EBL314086 035 $a(CaPaEBR)ebr10190625 035 $a(CaONFJC)MIL244573 035 $a(EXLCZ)991000000000478634 100 $a20070205d2007 ub 0 101 0 $aeng 135 $aurun#---|u||u 181 $ctxt 182 $cc 183 $acr 200 10$aAncestors and anxiety$b[electronic resource] $eDaoism and the birth of rebirth in China /$fStephen R. Bokenkamp 210 $aBerkeley ;$aLondon $cUniversity of California Press$dc2007 215 $a1 online resource (233 p.) 225 0 $aA Philip E. Lilienthal book in Asian studies 300 $a"A Philip E. Lilienthal book"--P. [ii]. 311 0 $a0-520-25988-2 311 0 $a0-520-24948-8 320 $aIncludes bibliographical references (p. 203-213) and index. 327 $tFront matter --$tContents --$tAcknowledgments --$tNote on Translation --$tIntroduction: The Problem of Rebirth --$t1. Envisioning the Dead --$t2. The Unquiet Dead and Their Families, Political and Agnate --$t3. Questionable Shapes: How the Living Interrogated Their Dead --$t4. Doomed for a Certain Term: The Intimate Dead --$t5. Rebirth Reborn --$tPostscript --$tAbbreviations --$tBibliography --$tIndex 330 $aThis innovative work on Chinese concepts of the afterlife is the result of Stephen Bokenkamp's groundbreaking study of Chinese scripture and the incorporation of Indic concepts into the Chinese worldview. Here, he explores how Chinese authors, including Daoists and non-Buddhists, received and deployed ideas about rebirth from the third to the sixth centuries C.E. In tracing the antecedents of these scriptures, Bokenkamp uncovers a stunning array of non-Buddhist accounts that provide detail on the realms of the dead, their denizens, and human interactions with them. Bokenkamp demonstrates that the motive for the Daoist acceptance of Buddhist notions of rebirth lay not so much in the power of these ideas as in the work they could be made to do. 517 3 $aDaoism and the birth of rebirth in China 606 $aTaoism 606 $aReincarnation$xBuddhism 608 $aElectronic books. 615 0$aTaoism. 615 0$aReincarnation$xBuddhism. 676 $a299.514237 700 $aBokenkamp$b Stephen R.$f1949-$01041003 801 0$bMiAaPQ 801 1$bMiAaPQ 801 2$bMiAaPQ 906 $aBOOK 912 $a9910451720203321 996 $aAncestors and anxiety$92464251 997 $aUNINA LEADER 02690nam 2200541 450 001 996517753103316 005 20230730235958.0 010 $a9783031281242$b(electronic bk.) 010 $z9783031281235 024 7 $a10.1007/978-3-031-28124-2 035 $a(MiAaPQ)EBC7231672 035 $a(Au-PeEL)EBL7231672 035 $a(OCoLC)1374851659 035 $a(DE-He213)978-3-031-28124-2 035 $a(PPN)269092749 035 $a(EXLCZ)9926378557800041 100 $a20230730d2023 uy 0 101 0 $aeng 135 $aurcnu|||||||| 181 $ctxt$2rdacontent 182 $cc$2rdamedia 183 $acr$2rdacarrier 200 00$aSmart Computing and Communication $e7th International Conference, SmartCom 2022, New York City, NY, USA, November 18-20, 2022, Proceedings /$fMeikang Qiu, Zhihui Lu, and Cheng Zhang, editors 205 $aFirst edition. 210 1$aCham, Switzerland :$cSpringer,$d[2023] 210 4$dİ2023 215 $a1 online resource (724 pages) 225 1 $aLecture Notes in Computer Science Series ;$vVolume 13828 311 08$aPrint version: Qiu, Meikang Smart Computing and Communication Cham : Springer International Publishing AG,c2023 9783031281235 320 $aIncludes bibliographical references and index. 330 $aThis book constitutes the proceedings of the 7th International Conference on Smart Computing and Communication, SmartCom 2022, held in New York City, NY, USA, during November 18?20, 2022. The 64 papers included in this book were carefully reviewed and selected from 312 submissions. SmartCom 2023 focus on recent booming developments in Web-based technologies and mobile applications which have facilitated a dramatic growth in the implementation of new techniques, such as cloud computing, edge computing, big data, pervasive computing, Internet of Things, security and privacy, blockchain, Web 3.0, and social cyber-physical systems. The conference gathered all high-quality research/industrial papers related to smart computing and communications and aimed at proposing a reference guideline for further research. 410 0$aLecture notes in computer science ;$vVolume 13828. 606 $aCloud computing$vCongresses 606 $aComputer networks$vCongresses 606 $aComputer security$vCongresses 615 0$aCloud computing 615 0$aComputer networks 615 0$aComputer security 676 $a004.6782 702 $aQiu$b Meikang 702 $aLu$b Zhihui 702 $aZhang$b Cheng 801 0$bMiAaPQ 801 1$bMiAaPQ 801 2$bMiAaPQ 912 $a996517753103316 996 $aSmart Computing and Communication$91939023 997 $aUNISA